000 00819nam a22001937a 4500
999 _c56877
_d56877
003 Ge_BSU
005 20200211124249.0
008 190531b2019 ||||| |||| 00| 0 geo d
022 _a 2587-4713
041 _ageo
080 _a
245 _aეკონომიკა : ECONOMICS
_bყოველთვიური საერთაშორისო რეცენზირებადი და რეფერირებადი სამეცნიერო ჟურნალი /
_cმთ. რედ : რ. შენგელია.
260 _aთბილისი ,
_c1918-
300 _aV
653 _aპერიოდიკა
653 _aეკონომიკა
700 _aშენგელია,რ
_eმთავარი რედაქტორი
_91915
942 _2udc
_cBK